Responses for Show #6468 - Wednesday, October 31, 2012

Keith Whitener game 6.

Contestants

[<< previous game]

Hillary Meyer, a stay-at-home mom and blogger from Middletown, New York

Barry Peterson, a financial risk analyst from El Paso, Texas

Keith Whitener, a research chemist originally from Charlotte, North Carolina (whose 5-day cash winnings total $100,397)

[next game >>]

Jeopardy! Round responses

ON THE JOB
NAME THAT SPEECHMAKER
BASEBALL TIMELINE
JOHN, IN HIS OWN WRITE
COMPLETES THE LICENSE PLATE
THE AMERICAN HERITAGE DICTIONARY PAGE 1004
    $200 30
a fisherman

Hillary
    $200 11
(Alex: You had to think of the Rainbow Coalition I guess to come up with [*].)

Jesse Jackson

Triple Stumper
    $200 29
Lou Gehrig

Hillary
    $200 27
John Grisham

Barry
    $200 6
Free

Barry
    $200 1
legitimate

Barry
    $400 22
maître d'

Barry
    $400 12
Geraldine Ferraro

Triple Stumper
    $400 28
(Keith: Who is Teddy Roosevelt?)

William Howard Taft

Keith
Triple Stumper
    $400 26
John Irving

Hillary
    $400 7
Home

Hillary
    $400 2
Vivien Leigh

Triple Stumper
    $600 21
a window

Barry
    $1,000 13
(Alex: Did the words give it to you or anything else?)
(Keith: I think it might have been your impression.)
(Alex: Thank you very much!)

Richard Nixon

Keith
    $600 25
a perfect game

Keith
    $600 18
(John) Keats

Keith
    $600 8
Frontier

Barry
    $600 3
a leisure suit

Keith
    $800 20
lawyer

Triple Stumper
    $800 14
(Barry: Who's Johnson?)

Malcolm X

Barry
Triple Stumper
    $800 24
Astroturf

Barry
    $800 17
John Updike

Keith
    $800 9
(Alex: Oh Barry, you beat Keith!)

Flight

Barry
    $800 4
legroom

Keith
    $1000 19
a tailor

Keith
    $1000 15
Susan B. Anthony

Keith
    $1000 23
Casey Stengel

Triple Stumper
    $1000 16
John Milton

Barry
    $1000 10
Taxation

Keith
    $1000 5
a leitmotif

Keith

Scores at the first commercial break (after clue 13):

Keith Barry Hillary
$4,400 $1,800 $400

Scores at the end of the Jeopardy! Round:

Keith Barry Hillary
$8,000 $4,000 $1,200

Double Jeopardy! Round responses

WORDS IN HALLOWEEN
HERE'S TO THE IRISH
WORLD EXPLORATION
THINKING
OUTSIDE
THE BOX
    $400 1
the heel

Hillary
    $400 14
Bono

Hillary
    $400 24
(Henry) Hudson

Barry
    $400 3
a footstep (or a step)

Hillary
    $400 11
a tulip

Barry
    $400 7
a skybox

Barry
    $800 2
an owl

Keith
    $800 13
Jameson

Hillary
    $800 30
(Hillary: Who is Scott?)
(Keith: Who is Byrd?)

Robert Peary

KeithHillary
Triple Stumper
    $800 29
Enlightenment

Barry
    $2,000 12
a turtle

Barry
    $800 8
a boxtop

Hillary
    $1200 4
a loan

Keith
    $1200 15
Liam Neeson

Hillary
    $1200 28
Lhasa

Keith
    $1200 27
pain

Triple Stumper
    $1200 17
a cactus

Keith
    $1200 9
a tinderbox

Hillary
    $1600 5
a halo

Hillary
    $1600 16
Sinéad O'Connor

Keith
    $1,000 25
(Alex: Barry?)
(Barry: [shaking head] Don't know.)

La Salle

Barry
    $1600 26
(Keith: What is monism?)
...
(Alex: Less than a minute to go now, Barry.)

pantheism

Keith
Triple Stumper
    $1600 18
(Hillary: What's a moth?)

a butterfly

KeithHillary
    $1600 10
the Flyers

Keith
    $2000 6
Hell

Barry
    $2000 23
Richard Harris

Triple Stumper
    $2000 22
(Abel) Tasman

Hillary
    $2000 21
(Barry: What is a map?)

signs

Barry
Triple Stumper
    $2000 19
a pelican

Barry
    $2000 20
alabaster

Keith

Scores at the end of the Double Jeopardy! Round:

Keith Barry Hillary
$16,800 $9,000 $7,600

[wagering suggestions for these scores]

Final Jeopardy! Round responses

THE CONSTITUTIONAL CONVENTION
HillaryWho is Monroe Hamilton?
$7,100
BarryWho was Clinton?
$6,500
KeithWho was Alexander Hamilton?
$1,201
Alexander Hamilton

Final scores:

Keith Barry Hillary
$18,001 $2,500 $14,700
6-day champion: $118,398 3rd place: $1,000 2nd place: $2,000

Game dynamics:

Coryat scores:

Keith Barry Hillary
$16,400 $8,800 $7,600
18 R
(including 1 DD),
3 W
16 R
(including 1 DD),
3 W
(including 1 DD)
13 R,
2 W

Combined Coryat: $32,800

[game clues] [game scores] [suggest correction]

Game tape date: 2012-08-21
The J! Archive is created by fans, for fans. Scraping, republication, monetization, and malicious use prohibited; this site may use cookies and collect identifying information. See terms. The Jeopardy! game show and all elements thereof, including but not limited to copyright and trademark thereto, are the property of Jeopardy Productions, Inc. and are protected under law. This website is not affiliated with, sponsored by, or operated by Jeopardy Productions, Inc. Join the discussion at JBoard.tv.